000 01328nam a22003857a 4500
003 CHAP
005 20220329133646.0
008 971013s1992 r 00010 d
010 _a9145
011 _a10117
035 _a9354
040 _cCHAP
082 _a633.1
_bS33 1992
100 0 0 _aSauer, D. B.
_eed.
_9102741
245 _aStorage
_b: of cereal grains and their products
250 _a4 ed.
260 _aSt.Paul, Minnesota :
_bAmerican Association of Cereal Chemists,
_c1992
300 _a615 p.
_b: ilus
490 _aAACC monograph series
590 _aBATCH-UPD
_b10
_c20130109
_lUCH01
_h2349
590 _aBATCH-UPD
_b10
_c20130110
_lUCH01
_h1011
590 _aBATCH-UPD
_b10
_c20130409
_lUCH01
_h1920
590 _aBATCH-UPD
_b10
_c20130410
_lUCH01
_h0619
590 _aBATCH-UPD
_b10
_c20130914
_lUCH01
_h0912
590 _aCONVERSION
_b10
_c20130109
_lUCH01
_h1306
650 1 4 _aCereales
_xAlmacenamiento.
_921373
650 1 4 _aCereales
_xAlmacenamiento
_xAspectos económicos.
_921374
650 1 4 _aCereales
_xAlmacenamiento
_xPlagas.
_921378
650 1 4 _aCereales
_xConservación.
_921402
650 1 4 _aCereales
_xDeshidratación.
_921408
830 0 _aAACC monograph series
_9122
901 _aBK
942 _cLIBRO
949 _a633.1 S33 1992
_bBC
_cLIBRO
_d33724002210644
_eLIBRO
_gI. 171780
_h85560
_i9354
_si
_t332.40
999 _c9145
_d9145